[Event "Division Honor Aragonesa Grupo A "]
[Site "Aragon"]
[Date "2017.03.11"]
[Round "7.5"]
[White "Villuendas Valero, Adrian"]
[Black "Gavin Roche, Enrique"]
[Result "1/2-1/2"]
[WhiteElo "2311"]
[BlackElo "2261"]
[PlyCount "110"]
[EventDate "2017.01.28"]
[WhiteTeam "St. Casablanca B"]
[BlackTeam "ONCE C.A. Aragon"]

1. d4 d5 2. Bf4 c6 3. e3 Bf5 4. c4 e6 5. Nc3 Nd7 6. Nf3 Be7 7. Be2 h6 8. h3
Ngf6 9. O-O a5 10. c5 O-O 11. Na4 Ne4 12. Qb3 Ra7 13. Rfc1 Re8 14. Qd1 Bf6 15.
a3 e5 16. Bh2 Qe7 17. Bf1 Bg6 18. Nb6 exd4 19. Nxd7 Qxd7 20. exd4 Bh5 21. g4
Bg6 22. Ne5 Bxe5 23. Bxe5 f6 24. Bh2 Qe7 25. f3 Ng5 26. Rc3 a4 27. Qd2 f5 28.
Bd6 Qd8 29. Bf4 Ne6 30. Be5 fxg4 31. hxg4 Ng5 32. Re1 Ra8 33. Qg2 Qd7 34. Rce3
Re7 35. Be2 Rf7 36. f4 Be4 37. Qg3 Ne6 38. Bd1 Raf8 39. Rf1 Ra8 40. Rf2 Qd8 41.
Rh2 Nf8 42. Re1 Ng6 43. f5 Nxe5 44. dxe5 Qe7 45. Qc3 Qg5 46. Kf1 Bxf5 47. gxf5
Qxf5+ 48. Kg1 Raf8 49. Rg2 Qf4 50. e6 Re7 51. Bh5 Rf6 52. Bf7+ Kh8 53. Qe5
Rfxf7 54. exf7 Rxe5 55. Rxe5 Qc1+ 1/2-1/2

[Event "Division Honor Aragonesa Grupo A "]
[Site "Aragon"]
[Date "2017.03.11"]
[Round "7.6"]
[White "Laliena Solanes, Luis"]
[Black "Gomez Anadon, Daniel"]
[Result "0-1"]
[WhiteElo "2179"]
[BlackElo "2175"]
[PlyCount "142"]
[EventDate "2017.01.28"]
[WhiteTeam "ONCE C.A. Aragon"]
[BlackTeam "St. Casablanca B"]

1. d4 d5 2. Nf3 Nf6 3. Bf4 e6 4. e3 Bd6 5. Bg3 c5 6. c3 O-O 7. Nbd2 b6 8. Bd3
Bb7 9. Ne5 Ne4 10. Nxe4 dxe4 11. Be2 Qc7 12. O-O f6 13. Nc4 Bxg3 14. fxg3 Rd8
15. Qe1 Nd7 16. Nd2 e5 17. Bc4+ Kh8 18. d5 b5 19. Bxb5 Bxd5 20. Bc4 Bxc4 21.
Nxc4 Nb6 22. Qe2 Rd3 23. Qg4 Qc6 24. Na5 Qd5 25. c4 Nxc4 26. Nxc4 Qxc4 27. Rac1
Qd5 28. Rc2 Rxe3 29. Rfc1 Qd4 30. Kh1 Rd8 31. h4 Rd3 32. Kh2 e3 33. Qe6 Qd6 34.
Qxd6 R3xd6 35. Re1 Rd2 36. Rxc5 e2 37. Ra5 R8d7 38. Kg1 Rxb2 39. Kf2 Rdd2 40.
a4 h5 41. Rxa7 Ra2 42. a5 Kh7 43. a6 Kg6 44. Re7 Rxa6 45. Rxe2 Rxe2+ 46. Kxe2
Ra8 47. Rb7 Rf8 48. Rb4 Kf5 49. Rb7 g6 50. Kf3 Ra8 51. Rb5 Ra3+ 52. Kf2 Rd3 53.
Ra5 Kg4 54. Ra4+ Rd4 55. Ra6 Rd2+ 56. Ke1 Rxg2 57. Rxf6 Rxg3 58. Rxg6+ Kxh4 59.
Re6 Rg5 60. Kf2 Kg4 61. Rh6 h4 62. Kg2 Rh5 63. Rf6 h3+ 64. Kh2 e4 65. Rf8 e3
66. Re8 Kf3 67. Rf8+ Ke4 68. Ra8 e2 69. Ra4+ Kf3 70. Ra3+ Kf2 71. Ra2 Kf1 0-1

[Event "Division Honor Aragonesa Grupo A "]
[Site "Aragon"]
[Date "2017.03.11"]
[Round "7.7"]
[White "Arregui Untoria, Carlos"]
[Black "Cobo Garrido, Diego Israel"]
[Result "1/2-1/2"]
[WhiteElo "2075"]
[BlackElo "2070"]
[PlyCount "53"]
[EventDate "2017.01.28"]
[WhiteTeam "St. Casablanca B"]
[BlackTeam "ONCE C.A. Aragon"]

1. d4 d5 2. c4 e6 3. Nf3 Nf6 4. g3 Be7 5. Bg2 O-O 6. O-O dxc4 7. Qc2 a6 8. a4
Bd7 9. Nc3 Nc6 10. Rd1 Nb4 11. Qb1 Bc6 12. Ne5 Bxg2 13. Kxg2 b5 14. e4 c5 15.
axb5 cxd4 16. Bf4 axb5 17. Nxb5 Rxa1 18. Qxa1 d3 19. f3 Qb6 20. Na3 Rd8 21.
Naxc4 Qb7 22. Qa4 Nxe4 23. fxe4 Qxe4+ 24. Kh3 f6 25. Qa7 Qe2 26. Qxe7 Qh5+ 27.
Kg2 1/2-1/2

[Event "Division Honor Aragonesa Grupo A "]
[Site "Aragon"]
[Date "2017.03.11"]
[Round "7.8"]
[White "Latorre Abad, Fernando"]
[Black "Roque Sola, Gisela"]
[Result "1-0"]
[WhiteElo "2073"]
[BlackElo "2061"]
[PlyCount "101"]
[EventDate "2017.01.28"]
[WhiteTeam "ONCE C.A. Aragon"]
[BlackTeam "St. Casablanca B"]

1. e4 e6 2. Nc3 d5 3. Nf3 Nf6 4. e5 Nfd7 5. d4 c5 6. dxc5 Nc6 7. Bf4 Nxc5 8.
Be2 Be7 9. O-O O-O 10. Nb5 a6 11. Nbd4 f6 12. Nxc6 bxc6 13. exf6 Bxf6 14. Be5
Nd7 15. Bxf6 Qxf6 16. Qd4 e5 17. Qh4 Qxh4 18. Nxh4 e4 19. g3 Ne5 20. f4 Bg4 21.
Rfe1 Bxe2 22. Rxe2 Nc4 23. b3 Nd6 24. Rd1 Nb5 25. Red2 Nc3 26. Re1 Rad8 27. Ng2
d4 28. a3 e3 29. Rd3 Ne4 30. b4 Nf2 31. Rb3 Nh3+ 32. Kf1 g5 33. Ke2 gxf4 34.
gxf4 Nxf4+ 35. Nxf4 Rxf4 36. Rg1+ Kf7 37. Rg2 Rg8 38. Rxg8 Kxg8 39. Kd3 Rf2 40.
Kxd4 e2 41. Re3 Rxh2 42. Kd3 Kf7 43. Rxe2 Rh5 44. c4 Rg5 45. Kd4 Kf6 46. a4 h5
47. Re8 c5+ 48. bxc5 h4 49. c6 Rg7 50. Kc5 h3 51. Rh8 1-0

[Event "Division Honor Aragonesa Grupo A "]
[Site "Aragon"]
[Date "2017.03.11"]
[Round "7.10"]
[White "Solano Lasierra, Javier"]
[Black "Ramon Perez, Jose Luis"]
[Result "1/2-1/2"]
[WhiteElo "2171"]
[BlackElo "2256"]
[PlyCount "92"]
[EventDate "2017.01.28"]
[WhiteTeam "L'Aurora Estadilla"]
[BlackTeam "Agrupacion"]

1. d4 Nf6 2. Nf3 c5 3. d5 b5 4. Bg5 Qb6 5. Bxf6 Qxf6 6. e4 Qxb2 7. Nbd2 a6 8.
a4 b4 9. Bd3 d6 10. O-O Qf6 11. e5 dxe5 12. Ne4 Qf4 13. g3 Qg4 14. Nxe5 Qxd1
15. Raxd1 f6 16. Nc4 Nd7 17. Rfe1 Kd8 18. Na5 Kc7 19. Nb3 e5 20. d6+ Kb6 21.
a5+ Ka7 22. Bc4 Bb7 23. Nbxc5 Nxc5 24. Nxc5 Rd8 25. Nxb7 Kxb7 26. d7 Bc5 27.
Rd5 Bd4 28. Rd6 Kc7 29. Rxa6 Rxd7 30. Kg2 Rd6 31. Rxd6 Kxd6 32. a6 f5 33. f3 g6
34. h4 Rc8 35. Bd3 Rc5 36. h5 Ra5 37. g4 Ke6 38. hxg6 hxg6 39. gxf5+ gxf5 40.
Rh1 f4 41. Be4 Kf6 42. Rh6+ Kg5 43. Rc6 Ra1 44. Bd3 Ra2 45. Kh3 Ra1 46. Kg2 Ra2
1/2-1/2

[Event "Division Honor Aragonesa Grupo A "]
[Site "Aragon"]
[Date "2017.03.11"]
[Round "7.11"]
[White "Remiro Juste, Fernando Jose"]
[Black "Cid Royo, Oscar"]
[Result "1-0"]
[WhiteElo "2202"]
[BlackElo "2044"]
[PlyCount "63"]
[EventDate "2017.01.28"]
[WhiteTeam "Agrupacion"]
[BlackTeam "L'Aurora Estadilla"]

1. e4 c6 2. d4 d5 3. e5 Bf5 4. h4 h5 5. Bd3 Bxd3 6. Qxd3 e6 7. Bg5 Be7 8. Nf3
Nh6 9. Nc3 Nf5 10. Ne2 Qa5+ 11. c3 Qa6 12. Qc2 Nd7 13. Bxe7 Nxe7 14. O-O c5 15.
a4 Rc8 16. Qd2 cxd4 17. Nexd4 Nc5 18. Qg5 Ng6 19. Nb5 Ne4 20. Qe3 Qb6 21. Qxb6
axb6 22. Rfe1 Ke7 23. g3 Rc5 24. Kg2 Ra8 25. Nfd4 Rcc8 26. f3 Nc5 27. b3 Nd3
28. Re3 Ndxe5 29. Rae1 Kf6 30. Nd6 Rd8 31. f4 Ng4 32. Rxe6+ 1-0

[Event "Division Honor Aragonesa Grupo A "]
[Site "Aragon"]
[Date "2017.03.11"]
[Round "7.12"]
[White "Pellicer Cerezuela, Miguel"]
[Black "Roque Sola, Jose Luis"]
[Result "0-1"]
[WhiteElo "2023"]
[BlackElo "2177"]
[PlyCount "128"]
[EventDate "2017.01.28"]
[WhiteTeam "L'Aurora Estadilla"]
[BlackTeam "Agrupacion"]

1. d4 e6 2. c4 Nf6 3. Nc3 Bb4 4. f3 d5 5. e3 O-O 6. Bd3 c5 7. Nge2 cxd4 8. exd4
Nc6 9. O-O a6 10. Bg5 dxc4 11. Bxc4 b5 12. Bb3 Be7 13. Bxf6 Bxf6 14. d5 exd5
15. Bxd5 Bb7 16. a3 Qb6+ 17. Kh1 Rad8 18. Qc2 Bxc3 19. Bxc6 Bxb2 20. Qxb2 Qxc6
21. Rac1 Qd6 22. Ng3 g6 23. Ne4 Bxe4 24. fxe4 Qe6 25. e5 Rd5 26. Rf6 Rfd8 27.
Rcf1 Rd1 28. Qe2 Rxf1+ 29. Qxf1 Qc4 30. Qe1 Qb3 31. Rf1 Re8 32. Qa5 Qd3 33. Re1
Rxe5 34. Rg1 Re6 35. h3 Qd6 36. Qc3 Qc6 37. Qd4 Qb6 38. Qd7 Qc6 39. Qd8+ Re8
40. Qd4 a5 41. Qd2 Qb6 42. Rf1 b4 43. axb4 axb4 44. Qd7 Qe6 45. Qb7 Qc4 46. Rb1
Re4 47. Qb8+ Kg7 48. Qb6 Qc3 49. Qf2 Re5 50. Kh2 b3 51. Qb6 Re3 52. Qb7 Qe5+
53. Kh1 Re1+ 54. Rxe1 Qxe1+ 55. Kh2 Qe5+ 56. Kg1 b2 57. Qb4 h5 58. h4 Kh7 59.
Qb7 Qe1+ 60. Kh2 Qxh4+ 61. Kg1 Qd4+ 62. Kh2 Kg7 63. g3 Qf2+ 64. Kh3 Qf5+ 0-1

[Event "Division Honor Aragonesa Grupo A "]
[Site "Aragon"]
[Date "2017.03.11"]
[Round "7.13"]
[White "Baron Rodriguez, Jesus"]
[Black "Forcen Esteban, Daniel"]
[Result "0-1"]
[WhiteElo "2430"]
[BlackElo "2541"]
[PlyCount "54"]
[EventDate "2017.01.28"]
[WhiteTeam "IberCaja"]
[BlackTeam "Jaime Casas"]

1. b3 e5 2. Bb2 Nc6 3. e3 Nf6 4. Bb5 Bd6 5. Na3 e4 6. Ne2 Be5 7. Qc1 Qe7 8.
Bxc6 bxc6 9. Nc4 Bxb2 10. Qxb2 O-O 11. Qe5 Qxe5 12. Nxe5 Ba6 13. d4 Rfe8 14.
Nc4 Rab8 15. Kd2 Ng4 16. h3 Nf6 17. g4 h5 18. Rag1 g6 19. Nf4 hxg4 20. hxg4
Bxc4 21. bxc4 Rb4 22. g5 Nh7 23. Kc3 Reb8 24. Rh4 Kg7 25. Ne2 d5 26. cxd5 cxd5
27. Nc1 Rc4+ 0-1

[Event "Division Honor Aragonesa Grupo A "]
[Site "Aragon"]
[Date "2017.03.11"]
[Round "7.14"]
[White "Antoli Royo, Joaquin Miguel"]
[Black "Hefty, Jorge W"]
[Result "1-0"]
[WhiteElo "2435"]
[BlackElo "2369"]
[PlyCount "107"]
[EventDate "2017.01.28"]
[WhiteTeam "Jaime Casas"]
[BlackTeam "IberCaja"]

1. e4 c5 2. Nf3 e6 3. d4 cxd4 4. Nxd4 a6 5. Be2 Nf6 6. Nc3 Qc7 7. O-O Bb4 8.
Qd3 Nc6 9. Nxc6 bxc6 10. f4 d5 11. e5 Nd7 12. Na4 Be7 13. Qh3 g6 14. c4 Rb8 15.
b3 O-O 16. Bb2 Nb6 17. Nxb6 Qxb6+ 18. Kh1 a5 19. Rf3 Re8 20. Raf1 d4 21. Bd3 c5
22. Bc1 a4 23. bxa4 Bd7 24. Qh6 Bf8 25. Qh4 Qd8 26. Qg4 Bg7 27. Bd2 Rb2 28. Be1
Bc6 29. R3f2 Rxf2 30. Rxf2 Bxa4 31. Rb2 Bc6 32. Qd1 Qa8 33. Qb1 Bf8 34. Kg1 Qa4
35. Rb6 Qa8 36. Rb2 Be7 37. h4 Kg7 38. h5 Rh8 39. Bd2 Rc8 40. Be1 Bd8 41. Kh2
Qa3 42. Rb3 Qa8 43. Rb2 Qa7 44. Rb3 Qc7 45. a4 Ra8 46. a5 Qe7 47. Rb8 Ra7 48.
Be4 Bxe4 49. Qxe4 Bxa5 50. Bg3 Bd2 51. Qf3 Qc7 52. h6+ Kxh6 53. Rg8 f5 54. Bh4
1-0

[Event "Division Honor Aragonesa Grupo A "]
[Site "Aragon"]
[Date "2017.03.11"]
[Round "7.15"]
[White "Torcal Miguel, Oscar"]
[Black "Ramiro Ovejero, Juan Luis"]
[Result "1/2-1/2"]
[WhiteElo "1980"]
[BlackElo "2386"]
[PlyCount "130"]
[EventDate "2017.01.28"]
[WhiteTeam "IberCaja"]
[BlackTeam "Jaime Casas"]

1. e4 c5 2. Nf3 a6 3. d4 cxd4 4. Nxd4 e6 5. Nc3 b5 6. Be3 Bb7 7. f3 Nf6 8. Qd2
Qc7 9. Be2 b4 10. Na4 d5 11. e5 Nfd7 12. f4 Nc6 13. b3 Nxd4 14. Bxd4 Bc6 15.
Nb2 Nc5 16. Bf3 Bb5 17. Nd3 Ne4 18. Bxe4 dxe4 19. Nf2 e3 20. Bxe3 Rd8 21. Nd3
Be7 22. O-O O-O 23. Rfd1 Rd5 24. Qf2 Qc3 25. Bd2 Qd4 26. Qxd4 Rxd4 27. Be3 Rd7
28. Nf2 Rc7 29. Rac1 Rfc8 30. Rd2 Bc6 31. Bb6 Rb7 32. Bd4 Bd5 33. c4 bxc3 34.
Rxc3 Rxc3 35. Bxc3 Rc7 36. Rd3 h6 37. Kf1 g5 38. g3 Kg7 39. Ke2 Kg6 40. Kd2 Kf5
41. fxg5 hxg5 42. g4+ Kg6 43. Bd4 Bc6 44. Bc3 Rc8 45. Nd1 Be4 46. Rd4 Bc6 47.
b4 Rh8 48. Kc2 Ba4+ 49. Kd2 Rxh2+ 50. Ke1 Rxa2 51. Rd2 Rc2 52. Rxc2 Bxc2 53.
Ne3 Bb3 54. Kd2 a5 55. bxa5 Bc5 56. Kd3 Ba4 57. Bd4 Bb4 58. Bb6 Bb5+ 59. Kd4 f5
60. exf6 Kxf6 61. Bd8+ Be7 62. Bxe7+ Kxe7 63. Kc5 Be2 64. Kd4 Kd7 65. Ke5 Ke7
1/2-1/2

[Event "Division Honor Aragonesa Grupo A "]
[Site "Aragon"]
[Date "2017.03.11"]
[Round "7.16"]
[White "Quintin Navarro, Alberto"]
[Black "Garcia Monterde, Francisco Jos"]
[Result "1-0"]
[WhiteElo "2367"]
[BlackElo "1912"]
[PlyCount "33"]
[EventDate "2017.01.28"]
[WhiteTeam "Jaime Casas"]
[BlackTeam "IberCaja"]

1. e4 c5 2. Nf3 e6 3. d4 cxd4 4. Nxd4 a6 5. Be2 Qc7 6. O-O Nf6 7. Nc3 b5 8. Bf3
Bb7 9. e5 Nd5 10. Nxd5 exd5 11. Nf5 g6 12. Nd6+ Bxd6 13. exd6 Qxd6 14. Re1+ Kd8
15. Qd4 f6 16. Bf4 Qc6 17. Bxd5 1-0

[Event "Division Honor Aragonesa Grupo B"]
[Site "Aragon"]
[Date "2017.03.11"]
[Round "7.17"]
[White "Cebrian Valverde, Jose Antonio"]
[Black "Nicolas Zapata, Irene"]
[Result "0-1"]
[WhiteElo "2137"]
[BlackElo "2252"]
[PlyCount "48"]
[EventDate "2017.01.28"]
[WhiteTeam "San Jose"]
[BlackTeam "Teruel"]

1. d4 Nf6 2. c4 e6 3. Nc3 d5 4. Bg5 Be7 5. e3 O-O 6. Nf3 h6 7. Bf4 b6 8. Rc1
Bb7 9. cxd5 exd5 10. Bd3 c5 11. dxc5 bxc5 12. O-O Nh5 13. Bxb8 Rxb8 14. Bb1 Nf6
15. Qd3 Bd6 16. Rfd1 Qe7 17. Qf5 Rfd8 18. b3 Rbc8 19. Rd2 d4 20. exd4 cxd4 21.
Rxd4 Bxf3 22. gxf3 Rxc3 23. Rcd1 g6 24. Qa5 Rcc8 0-1

[Event "Division Honor Aragonesa Grupo B"]
[Site "Aragon"]
[Date "2017.03.11"]
[Round "7.18"]
[White "Garcia Fernandez, Javier"]
[Black "Ferreruela Romero, Jose Joaqui"]
[Result "1-0"]
[WhiteElo "2166"]
[BlackElo "2073"]
[PlyCount "160"]
[EventDate "2017.01.28"]
[WhiteTeam "Teruel"]
[BlackTeam "San Jose"]

1. e4 g6 2. d4 c6 3. Nc3 Bg7 4. f4 d5 5. e5 h5 6. Nf3 Nh6 7. Bd3 Bf5 8. O-O e6
9. Ne2 Nd7 10. b3 a5 11. a4 Bf8 12. c4 Be7 13. cxd5 cxd5 14. Nc3 O-O 15. Nb5
Bxd3 16. Qxd3 Nf5 17. Bd2 Nb8 18. Rfc1 Nc6 19. Rc2 Qd7 20. Rac1 Rfc8 21. g3 Kg7
22. Kg2 Rh8 23. Be1 Qd8 24. Qe2 Qb6 25. Bf2 Qd8 26. h3 Qd7 27. Ne1 Rh7 28. Nd3
Rah8 29. h4 Ra8 30. Nc5 Bxc5 31. Rxc5 Rhh8 32. Qb2 Rhc8 33. Qc3 Qd8 34. Kf3 Qd7
35. Be1 Qd8 36. Qb2 Qd7 37. Qf2 Qd8 38. Bd2 Qb6 39. Ke2 Qd8 40. Kd1 Qb6 41.
R1c2 Qd8 42. Kc1 Nce7 43. Kb1 Rxc5 44. Rxc5 Nc6 45. Ka2 Rc8 46. Be1 b6 47. Rc2
Nce7 48. Ka3 Qd7 49. Qd2 Rc6 50. Qc1 Qc8 51. Kb2 Kf8 52. Bc3 Qd7 53. Qe1 Kg7
54. Qf2 Nc8 55. Rc1 Na7 56. Nxa7 Qxa7 57. Rh1 Nh6 58. Qf3 Rc8 59. Re1 Qb7 60.
Qd3 Ng4 61. Re2 Nh6 62. Rg2 Rc7 63. Rc2 Qc8 64. Qb5 Rc6 65. Qd3 Nf5 66. Rg2 Rc7
67. Rh2 Rc6 68. Rg2 Nh6 69. Rf2 Qb8 70. Qb5 Rc7 71. Bxa5 Qc8 72. Bxb6 Rc1 73.
Bc5 Rg1 74. Rf3 Nf5 75. Qd3 Qa8 76. Qc3 Rg2+ 77. Ka3 Qa6 78. Qd3 Qa8 79. b4 Rg1
80. Qc3 Rh1 1-0

[Event "Division Honor Aragonesa Grupo B"]
[Site "Aragon"]
[Date "2017.03.11"]
[Round "7.19"]
[White "Gracia Suarez, Jesus"]
[Black "Dominguez Bujeda, Jesus"]
[Result "0-1"]
[WhiteElo "2090"]
[BlackElo "2104"]
[PlyCount "50"]
[EventDate "2017.01.28"]
[WhiteTeam "San Jose"]
[BlackTeam "Teruel"]

1. Nc3 c5 2. e4 Nc6 3. Nf3 g6 4. d4 cxd4 5. Nxd4 Bg7 6. Be3 Nf6 7. h3 O-O 8.
Nb3 a5 9. a4 Nb4 10. Qd2 d5 11. O-O-O Bd7 12. exd5 Rc8 13. g4 Rxc3 14. bxc3 Ne4
15. cxb4 Nxd2 16. Rxd2 axb4 17. Nc5 Bxa4 18. Bg2 Bb5 19. Bd4 Bh6 20. Be3 Bxe3
21. fxe3 Qb6 22. Nd3 Qxe3 23. Re1 Qd4 24. Nb2 Qf6 25. Re4 Ra8 0-1

[Event "Division Honor Aragonesa Grupo B"]
[Site "Aragon"]
[Date "2017.03.11"]
[Round "7.20"]
[White "Martin Catalan, Juan Vicente"]
[Black "Gimeno Oteo, Marco Antonio"]
[Result "1/2-1/2"]
[WhiteElo "2059"]
[BlackElo "2071"]
[PlyCount "67"]
[EventDate "2017.01.28"]
[WhiteTeam "Teruel"]
[BlackTeam "San Jose"]

1. d4 Nf6 2. Nf3 g6 3. Bf4 Bg7 4. e3 b6 5. h3 Bb7 6. Be2 c5 7. c3 O-O 8. O-O d6
9. Nbd2 Nbd7 10. a4 a6 11. Bg3 Rc8 12. Bd3 e5 13. dxe5 dxe5 14. Bxe5 Nxe5 15.
Nxe5 Ng4 16. hxg4 Bxe5 17. Be4 Bxe4 18. Nxe4 Qe7 19. g5 h6 20. Qg4 hxg5 21.
Qxg5 Qe6 22. Ng3 Bxg3 23. Qxg3 Qb3 24. f4 Rc6 25. Rf2 Re8 26. f5 Rf6 27. Raf1
Re7 28. Rd2 Kg7 29. Rd8 Qxa4 30. Qb8 Rxf5 31. Rxf5 gxf5 32. Rg8+ Kf6 33. Qxb6+
Re6 34. Qxc5 1/2-1/2

[Event "Division Honor Aragonesa Grupo B"]
[Site "Aragon"]
[Date "2017.03.11"]
[Round "7.21"]
[White "Salamero Pelay, Fernando"]
[Black "Garza Marco, Sergio"]
[Result "0-1"]
[WhiteElo "2163"]
[BlackElo "2398"]
[PlyCount "50"]
[EventDate "2017.01.28"]
[WhiteTeam "Atletismo Huesca"]
[BlackTeam "Helios"]

1. e4 c5 2. Nf3 g6 3. d4 cxd4 4. Nxd4 Bg7 5. Nc3 Nc6 6. Be3 Nf6 7. f3 O-O 8.
Qd2 d5 9. Nxd5 Nxd5 10. exd5 Qxd5 11. Nxc6 Qxc6 12. c3 Bf5 13. Rd1 Qe6 14. g4
Bc2 15. Qxc2 Qxe3+ 16. Qe2 Qb6 17. Qb5 Qe6+ 18. Kf2 Rac8 19. a3 Rc6 20. Qd5 Qc8
21. h4 Rd6 22. Qb3 Rxd1 23. Qxd1 Rd8 24. Qc2 Qc5+ 25. Kg2 Qe3 0-1

[Event "Division Honor Aragonesa Grupo B"]
[Site "Aragon"]
[Date "2017.03.11"]
[Round "7.22"]
[White "Guzman Moneo, Alberto"]
[Black "Gella Lopez, Angel"]
[Result "1/2-1/2"]
[WhiteElo "2219"]
[BlackElo "2101"]
[PlyCount "54"]
[EventDate "2017.01.28"]
[WhiteTeam "Helios"]
[BlackTeam "Atletismo Huesca"]

1. e4 c5 2. Nc3 e6 3. Nge2 Nc6 4. g3 Nf6 5. Bg2 d5 6. exd5 exd5 7. O-O d4 8.
Ne4 Nxe4 9. Bxe4 Bd6 10. d3 O-O 11. Nf4 Ne5 12. h3 Ng6 13. Nxg6 hxg6 14. Bg2
Qc7 15. h4 Bd7 16. h5 gxh5 17. Qxh5 Bc6 18. Bd2 Rae8 19. Rae1 Bxg2 20. Kxg2
Qc6+ 21. Qf3 Qxf3+ 22. Kxf3 f6 23. g4 Kf7 24. a4 Rxe1 25. Rxe1 Rh8 26. Bf4 Bxf4
27. Kxf4 g6 1/2-1/2

[Event "Division Honor Aragonesa Grupo B"]
[Site "Aragon"]
[Date "2017.03.11"]
[Round "7.23"]
[White "Luis Vitalla, Fernando"]
[Black "Cerrajeria Ruiz, Jesus Maria"]
[Result "1/2-1/2"]
[WhiteElo "2086"]
[BlackElo "2187"]
[PlyCount "96"]
[EventDate "2017.01.28"]
[WhiteTeam "Atletismo Huesca"]
[BlackTeam "Helios"]

1. d4 Nf6 2. c4 c5 3. d5 b5 4. cxb5 a6 5. bxa6 Bxa6 6. g3 d6 7. Bg2 g6 8. b3
Bg7 9. Bb2 Qa5+ 10. Bc3 Qc7 11. Nh3 O-O 12. O-O Nbd7 13. Nf4 Ra7 14. Re1 Rfa8
15. a4 Rb8 16. Nd2 Rab7 17. Qc2 Qd8 18. Rab1 Qf8 19. Nc4 Bxc4 20. bxc4 Ng4 21.
Rb5 Bxc3 22. Qxc3 Ra7 23. a5 Rba8 24. Bh3 Nge5 25. Nd3 Nxd3 26. exd3 Nb8 27.
Ra1 Qg7 28. Qxg7+ Kxg7 29. Bc8 Na6 30. Bxa6 Rxa6 31. Kg2 Kf6 32. f4 R8a7 33.
Kf3 e6 34. dxe6 fxe6 35. Ke4 Rd7 36. Rb6 Rxb6 37. axb6 d5+ 38. Ke3 Rb7 39. Rb1
Ke7 40. d4 Kd6 41. Rb5 dxc4 42. Rxc5 Rxb6 43. Rxc4 Rb2 44. h3 Rb3+ 45. Kf2 Kd5
46. Rc7 Ke4 47. Rc2 Kxd4 48. Re2 Kd5 1/2-1/2

[Event "Division Honor Aragonesa Grupo B"]
[Site "Aragon"]
[Date "2017.03.11"]
[Round "7.24"]
[White "Aparicio Navarro, Pedro"]
[Black "Laplaza Ara, Carlos"]
[Result "1/2-1/2"]
[WhiteElo "2135"]
[BlackElo "1957"]
[PlyCount "39"]
[EventDate "2017.01.28"]
[WhiteTeam "Helios"]
[BlackTeam "Atletismo Huesca"]

1. Nf3 d5 2. c4 e6 3. b3 Nf6 4. Bb2 Be7 5. g3 c5 6. Bg2 Nc6 7. O-O O-O 8. cxd5
Nxd5 9. Nc3 Bf6 10. Qc1 b6 11. a4 Bb7 12. Rd1 Nxc3 13. Bxc3 Bxc3 14. dxc3 Qe7
15. Qc2 Rfd8 16. Rxd8+ Rxd8 17. Rd1 Rxd1+ 18. Qxd1 Qd8 19. Qxd8+ Nxd8 20. Nd2
1/2-1/2

[Event "Division Honor Aragonesa Grupo B"]
[Site "Aragon"]
[Date "2017.03.11"]
[Round "7.25"]
[White "Cifuentes Parada, Roberto"]
[Black "Adla, Diego"]
[Result "1-0"]
[WhiteElo "2478"]
[BlackElo "2398"]
[PlyCount "63"]
[EventDate "2017.01.28"]
[WhiteTeam "Jaque"]
[BlackTeam "St. Casablanca"]

1. d4 e6 2. Nf3 c5 3. e3 Nf6 4. Bd3 d5 5. b3 Nc6 6. Bb2 Bd6 7. O-O O-O 8. Nbd2
b6 9. Ne5 Bb7 10. a3 Rc8 11. f4 Ne7 12. Qe2 Ne4 13. Nxe4 dxe4 14. Bc4 cxd4 15.
exd4 Nf5 16. a4 Qe7 17. a5 Rfd8 18. c3 f6 19. axb6 axb6 20. Ra7 Rc7 21. Rxb7
fxe5 22. Rxc7 Bxc7 23. fxe5 g6 24. Qxe4 Qd7 25. g4 Ne7 26. Qf3 Nd5 27. Bc1 Qg7
28. Bxd5 Rxd5 29. Bh6 Qxh6 30. Qf7+ Kh8 31. Qe8+ Kg7 32. Qf8# 1-0

[Event "Division Honor Aragonesa Grupo B"]
[Site "Aragon"]
[Date "2017.03.11"]
[Round "7.26"]
[White "Glavina, Pablo"]
[Black "Gines Esteo, Pedro Antonio"]
[Result "0-1"]
[WhiteElo "2391"]
[BlackElo "2325"]
[PlyCount "62"]
[EventDate "2017.01.28"]
[WhiteTeam "St. Casablanca"]
[BlackTeam "Jaque"]

1. c4 c6 2. Nf3 d5 3. e3 Nf6 4. b3 Bf5 5. Bb2 e6 6. Be2 h6 7. O-O Nbd7 8. d3
Be7 9. Nbd2 O-O 10. Qc2 Nc5 11. Ne5 a5 12. a3 Nfd7 13. Nxd7 Qxd7 14. Rfd1 Rfd8
15. Nf3 Qc7 16. Bc3 a4 17. b4 Nb3 18. Rab1 dxc4 19. e4 cxd3 20. Rxd3 Bg4 21.
Rbd1 Rxd3 22. Rxd3 Rd8 23. Be5 Qb6 24. h3 Rxd3 25. Qxd3 Nc1 26. Qc2 Nxe2+ 27.
Qxe2 Bxf3 28. Qxf3 c5 29. Qg4 Bf8 30. b5 Qxb5 31. Qd1 c4 0-1

[Event "Division Honor Aragonesa Grupo B"]
[Site "Aragon"]
[Date "2017.03.11"]
[Round "7.27"]
[White "Ereza Vizcarra, Fernando"]
[Black "Lopez Gracia, Fernando"]
[Result "0-1"]
[WhiteElo "1981"]
[BlackElo "2302"]
[PlyCount "106"]
[EventDate "2017.01.28"]
[WhiteTeam "Jaque"]
[BlackTeam "St. Casablanca"]

1. d4 Nf6 2. Nf3 d5 3. Bf4 e6 4. e3 c5 5. Nbd2 Nc6 6. c3 Bd6 7. Bg3 O-O 8. Bd3
b6 9. Ne5 Bb7 10. f4 Ne7 11. Qf3 Nf5 12. Bf2 Be7 13. O-O Nd6 14. Qh3 Nfe4 15.
Ndf3 Qc8 16. Bh4 f6 17. Ng4 Ba6 18. Bxa6 Qxa6 19. Nf2 Qc8 20. Nxe4 Nxe4 21.
Rad1 Re8 22. Nd2 Nd6 23. Qf3 Qc6 24. Qe2 Bf8 25. Nf3 a5 26. g4 Qb5 27. Qxb5
Nxb5 28. a4 Nd6 29. g5 Nc4 30. Rf2 Nxe3 31. Re1 fxg5 32. fxg5 Nf5 33. Rfe2 cxd4
34. cxd4 Bb4 35. Rc1 Rac8 36. Rec2 Rxc2 37. Rxc2 Rf8 38. Bf2 Nd6 39. Kg2 Rc8
40. Rxc8+ Nxc8 41. Ne1 Bd2 42. h4 Bxe1 43. Bxe1 Na7 44. Kf3 Nc6 45. Ke3 Kf7 46.
Bg3 Kg6 47. Bc7 Kh5 48. Bxb6 Kxh4 49. Kf4 h5 50. g6 Kh3 51. Bc7 h4 52. Kg5 Nxd4
53. Bxa5 Nf3+ 0-1

[Event "Division Honor Aragonesa Grupo B"]
[Site "Aragon"]
[Date "2017.03.11"]
[Round "7.28"]
[White "Chueca Lorente, Javier"]
[Black "Buisan Zaharia, Pedro"]
[Result "1/2-1/2"]
[WhiteElo "2077"]
[BlackElo "1781"]
[PlyCount "131"]
[EventDate "2017.01.28"]
[WhiteTeam "St. Casablanca"]
[BlackTeam "Jaque"]

1. c4 c6 2. e4 d5 3. exd5 cxd5 4. d4 Nf6 5. Nc3 Nc6 6. Bg5 Ne4 7. Nxe4 dxe4 8.
d5 Ne5 9. Qd4 Nd7 10. Qxe4 Nc5 11. Qd4 Ne6 12. Qe3 Nxg5 13. Qxg5 Qa5+ 14. Qd2
Qxd2+ 15. Kxd2 e6 16. a3 a5 17. f4 Bc5 18. Nf3 O-O 19. dxe6 Bxe6 20. Bd3 Rad8
21. Kc2 Rfe8 22. Rhe1 f6 23. f5 Bf7 24. Rxe8+ Rxe8 25. Re1 Kf8 26. Rxe8+ Kxe8
27. Kc3 Ke7 28. b4 axb4+ 29. axb4 Be3 30. Be4 b6 31. g3 Kd6 32. Kd3 Bc1 33. Nd4
Bb2 34. Nb5+ Kd7 35. c5 bxc5 36. bxc5 Be5 37. c6+ Kc8 38. Bf3 Bb3 39. Nd4 Ba2
40. Nc2 Bb1 41. Kd2 Bxc2 42. Kxc2 Kc7 43. Kd3 Kd6 44. Kc4 Bb2 45. Kb5 Bd4 46.
Ka6 Kc7 47. Bd5 Bg1 48. h3 Bf2 49. g4 h6 50. Kb5 Kd6 51. Be6 Be3 52. Bd7 Bf2
53. Kc4 Be3 54. Kd3 Bf2 55. Ke2 Bh4 56. Kf3 Be1 57. g5 fxg5 58. Kg4 Bc3 59. Kh5
Bb2 60. Kg6 Bf6 61. Kf7 h5 62. Be6 g4 63. hxg4 hxg4 64. Bd5 g3 65. Bg2 Be5 66.
Kg6 1/2-1/2

[Event "Division Honor Aragonesa Grupo B"]
[Site "Aragon"]
[Date "2017.03.11"]
[Round "7.29"]
[White "Del Rey, Diego"]
[Black "Baquedano Coarasa, Pablo"]
[Result "1-0"]
[WhiteElo "2356"]
[BlackElo "2214"]
[PlyCount "55"]
[EventDate "2017.01.28"]
[WhiteTeam "El Olivar"]
[BlackTeam "Palacio de Pioneros"]

1. e4 c5 2. Nf3 d6 3. Bb5+ Bd7 4. Bxd7+ Qxd7 5. O-O Nf6 6. e5 dxe5 7. Nxe5 Qc8
8. d4 e6 9. Nc3 Be7 10. d5 exd5 11. Nxd5 Nxd5 12. Qxd5 O-O 13. Bf4 Nc6 14. Rfe1
Nb4 15. Qe4 Bf6 16. a3 Bxe5 17. Bxe5 Nc6 18. Bd6 Rd8 19. Bxc5 Qc7 20. h4 Rac8
21. Rad1 Rxd1 22. Rxd1 h6 23. Rd5 a6 24. c4 Na5 25. Qg4 Nb3 26. Be3 Qxc4 27.
Rd8+ Kh7 28. Qxc8 1-0